Weep not, child / (Record no. 4430)

000 -LEADER
fixed length control field 00737cam a2200241 4500
001 - CONTROL NUMBER
control field 2653660
003 - CONTROL NUMBER IDENTIFIER
control field OSt
005 - DATE AND TIME OF LATEST TRANSACTION
control field 20251106131000.0
008 - FIXED-LENGTH DATA ELEMENTS--GENERAL INFORMATION
fixed length control field 700512s1969 nyu 000 1 eng
010 ## - LIBRARY OF CONGRESS CONTROL NUMBER
LC control number 70081547
040 ## - CATALOGING SOURCE
Original cataloging agency DLC
Transcribing agency DLC
Modifying agency DLC
050 00 - LIBRARY OF CONGRESS CALL NUMBER
Classification number PR9381.9.N45 1964
Item number We4
082 00 - DEWEY DECIMAL CLASSIFICATION NUMBER
Classification number 823
100 0# - MAIN ENTRY--PERSONAL NAME
Personal name Ngũgĩ wa Thiongʼo,
Dates associated with a name 1938-2025.
245 10 - TITLE STATEMENT
Title Weep not, child /
Statement of responsibility, etc [by] James Ngugi. With an introd. by Martin Tucker.
260 ## - PUBLICATION, DISTRIBUTION, ETC. (IMPRINT)
Place of publication, distribution, etc [New York]
Name of publisher, distributor, etc Collier Books
Date of publication, distribution, etc [1969]
300 ## - PHYSICAL DESCRIPTION
Extent 184 p.
Dimensions 19 cm.
490 0# - SERIES STATEMENT
Series statement African/American library
651 #0 - SUBJECT ADDED ENTRY--GEOGRAPHIC NAME
Geographic name Kenya
General subdivision Fiction.
906 ## - LOCAL DATA ELEMENT F, LDF (RLIN)
a 7
b cbc
c orignew
d u
e ncip
f 19
g y-gencatlg
942 ## - ADDED ENTRY ELEMENTS (KOHA)
Source of classification or shelving scheme
Koha item type Fiction and Non- Fiction novels
Holdings
Withdrawn status Lost status Source of classification or shelving scheme Damaged status Not for loan Home library Current library Shelving location Date acquired Total Checkouts Full call number Barcode Date last seen Date checked out Price effective from Koha item type
          Riara University Library Riara University Library Leisure Reading 06/11/2025 1 PR9381.9.N45 1964 10817/25 18/02/2026 04/02/2026 06/11/2025 Fiction and Non- Fiction novels

Riara University Library,
P.O. Box 49940-00100,
Nairobi, Kenya.